<?xml version="1.0" encoding="UTF-8"?>
<record
    xmlns:xsi="http://www.w3.org/2001/XMLSchema-instance"
    xsi:schemaLocation="http://www.loc.gov/MARC21/slim http://www.loc.gov/standards/marcxml/schema/MARC21slim.xsd"
    xmlns="http://www.loc.gov/MARC21/slim">

  <leader>014950000a22002050004500</leader>
  <datafield tag="020" ind1=" " ind2=" ">
    <subfield code="a">84-7228-429-5</subfield>
  </datafield>
  <datafield tag="041" ind1="0" ind2=" ">
    <subfield code="a">SPA</subfield>
  </datafield>
  <datafield tag="082" ind1="0" ind2="4">
    <subfield code="a">G 173 R4951h</subfield>
  </datafield>
  <datafield tag="100" ind1="1" ind2=" ">
    <subfield code="a">Rice, S.</subfield>
  </datafield>
  <datafield tag="245" ind1="1" ind2="0">
    <subfield code="a">El hogar cristiano / S. Rice</subfield>
  </datafield>
  <datafield tag="260" ind1=" " ind2=" ">
    <subfield code="a">Terrassa, Barcelona, Espa&#xF1;a : CLIE</subfield>
  </datafield>
  <datafield tag="300" ind1=" " ind2=" ">
    <subfield code="a">204 Pag.</subfield>
  </datafield>
  <datafield tag="505" ind1="0" ind2="0">
    <subfield code="a">nuestra necesidad y la provisi&#xF3;n de Dios -- la relaci&#xF3;n entre esposo y esposa -- andando en amor (para esposas) -- dificultades en el andar del amor (para esposas) -- la sumisi&#xF3;n( para esposas) -- l&#xED;mites a la sumisi&#xF3;n (para esposas) -- los estados de &#xE1;nimo de la mujer (para esposas) para esposas -- el ambiente del hogar (para esposas) -- c&#xF3;mo lograr un esp&#xED;ritu afable y apacible (para esposas) --  la educaci&#xF3;n cristiana y el altar familiar -- metas espirituales para el ni&#xF1;o -- las dos necesidades del ni&#xF1;o amor y disciplina -- la disciplina -- el problema de la tarea -- la educaci&#xF3;n de los ni&#xF1;os de 1 a 6 a&#xF1;os -- la educaci&#xF3;n de los ni&#xF1;os de 7 a 12 a&#xF1;os -- comprendiendo al adolescente -- la norma de la pureza: una gu&#xED;a para los a&#xF1;os que salen juntos muchachos y muchachas -- el prop&#xF3;sito y el m&#xE9;todo para salidas de muchachos y muchachas -- algunas reglas definidas para las salidas de muchachos y muchachas -- televisi&#xF3;n, cine y literatura para nuestros hijos</subfield>
  </datafield>
  <datafield tag="650" ind1="1" ind2="4">
    <subfield code="a">FAMILIA CRISTIANA \ MATRIMONIO</subfield>
  </datafield>
  <controlfield tag="001">1246</controlfield>
  <datafield tag="942" ind1=" " ind2=" ">
    <subfield code="c">BK</subfield>
  </datafield>
  <datafield tag="952" ind1=" " ind2=" ">
    <subfield code="0">0</subfield>
    <subfield code="1">0</subfield>
    <subfield code="4">0</subfield>
    <subfield code="7">0</subfield>
    <subfield code="8">GEN</subfield>
    <subfield code="a">FUSBC</subfield>
    <subfield code="b">FUSBC</subfield>
    <subfield code="d">2004-10-11</subfield>
    <subfield code="l">0</subfield>
    <subfield code="o">G 173 R4951h </subfield>
    <subfield code="p">724</subfield>
    <subfield code="r">2019-12-12 00:00:00</subfield>
    <subfield code="t">1</subfield>
    <subfield code="w">2016-01-26</subfield>
    <subfield code="y">BK</subfield>
    <subfield code="B">0</subfield>
    <subfield code="C">3</subfield>
  </datafield>
  <datafield tag="999" ind1=" " ind2=" ">
    <subfield code="c">32569</subfield>
    <subfield code="d">32569</subfield>
  </datafield>
  <datafield tag="336" ind1=" " ind2=" ">
    <subfield code="a">texto</subfield>
    <subfield code="b">txt</subfield>
    <subfield code="2">rdacontent</subfield>
  </datafield>
  <datafield tag="337" ind1=" " ind2=" ">
    <subfield code="2">rdamedia</subfield>
    <subfield code="a">sin mediaci&#xF3;n</subfield>
    <subfield code="b">n</subfield>
  </datafield>
  <datafield tag="338" ind1=" " ind2=" ">
    <subfield code="2">rdacarrier</subfield>
    <subfield code="a">volumen</subfield>
    <subfield code="b">nc</subfield>
  </datafield>
</record>
